00488nam a2200193 a 4500001001300000003000900013005001700022008004100039020001000080082001900090100002100109245003200130260003700162300000900199500003500208505001000243650002000253700002100273nice12345678IN_TiNIC20260116011708.0050524s1942 laha grp 000 0 urd  ac0.500a891.4397bTAJ1 aTaj, S Imtiyaz A aMulla Dopiyaza Ki Kahaniyan aLahorebDarul Ishaat Quranc1942 a111p aincludes index and biblioraphy2 aIndex aUrdu-Literature1 aTaj, S Imtiyaz A